Michelangelo: Sixtina Kopfe
Wedi'i Gadw mewn:
| Prif Awdur: | |
|---|---|
| Fformat: | Llyfr |
| Iaith: | Almaeneg |
| Cyhoeddwyd: |
Berlín
Die Silbernen
1936
|
| Pynciau: | |
| Tagiau: |
Ychwanegu Tag
Dim Tagiau, Byddwch y cyntaf i dagio'r cofnod hwn!
|
MARC
| LEADER | 00000nam a2200000 a 4500 | ||
|---|---|---|---|
| 001 | UCU3399 | ||
| 003 | CL-VaPUC | ||
| 008 | 960510e19360000GW |||||||||||||||||ger|d | ||
| 082 | 0 | 4 | |a 708.45 |b BRI |2 21 |
| 100 | 0 | |a Brinckmann, A. E |e author |9 360322 | |
| 245 | 1 | 0 | |a Michelangelo: Sixtina Kopfe |
| 300 | |a 17 p | ||
| 942 | |c BK | ||
| 945 | |d 19960510 00:00:00 |a rleighto | ||
| 260 | |a Berlín |b Die Silbernen |c 1936 | ||
| 600 | 0 | |a Miguel Angel |q (Buonarroti, Michelangelo) |d 1475-1564 |9 880971 | |
| 650 | 7 | |a MUSEOS ITALIANOS |2 CL-VaPUC |9 360323 | |
| 650 | 0 | |a Arte italiano |9 265547 | |
| 650 | 0 | |a Pintura italiana |9 265293 | |
| 650 | 0 | |a Pintores italianos |9 265277 | |
| 650 | 0 | |a Obras de arte |9 337253 | |
| 650 | 0 | |a Artistas |9 262026 | |
| 650 | 0 | |a Bellas artes |9 334299 | |
| 650 | 0 | |a Colecciones artísticas |9 348038 | |
| 583 | |a last modification |c 19960510 00:00:00 |k Rodrigo Vera | ||
| 999 | |c 247419 |d 247417 | ||
| 952 | |0 0 |1 0 |4 0 |6 708_450000000000000_BRI_1936 |7 0 |8 X |9 263316 |a BIBHIS |b BIBHIS |d 2019-11-19 |i 3139735 |o 708.45 BRI 1936 |p 3139735 |r 2024-01-30 |w 2019-11-19 |y BK_X |k HIS | ||